| 000 | 00495cam a2200193ua 4500 | ||
|---|---|---|---|
| 001 | 703 | ||
| 005 | 20260515113218.0 | ||
| 008 | 110412n ii |||gr||||Z||||||eng | ||
| 040 | _cMAIN | ||
| 082 | _a342.02 | ||
| 245 |
_aConstitution and what it means today. _cBy Edward S. Corwin. |
||
| 250 | _a1st. | ||
| 260 |
_aNew Delhi.: _bSterling publisher.,966. |
||
| 300 | _axvi, 344 p.:5 cm. | ||
| 653 | _aPolitical science. | ||
| 653 | _aConstitution. | ||
| 700 | 1 | _aCorwin, Edward S., | |
| 942 | _cBK | ||
| 999 |
_c630 _d630 |
||